Pays par Indice #4 - Statistiques

Statistiques générales
  • Ce quiz a été pris 394 fois
  • Le résultat moyen est 16 sur 20
Statistiques - réponses
Indice Pays % Correct
Quel est le plus grand pays d'Afrique par la superficie ? Algérie
99%
Quel est le seul pays qui commence par la lettre Y ? Yémen
98%
Parmi les trois républiques baltes, laquelle est située la plus au nord ? Estonie
97%
Quel pays a pour langues officielles le français, le néerlandais et l'allemand ? Belgique
96%
Quel est le pays le plus peuplé d'Afrique ? Nigeria
94%
Quel pays reconnu par JetPunk est entièrement revendiqué par la Chine ? Taïwan
93%
Quel est le seul pays néerlandophone en Amérique du Sud ? Suriname
90%
Quel pays africain se situe à la pointe est du continent ? Somalie
88%
Dans quel pays est-il possible qu'un lion sauvage rencontre un tigre sauvage ? Inde
87%
Quel pays d'Océanie doit son nom à un roi biblique ? Îles Salomon
85%
Quel pays a obtenu son indépendance de l'Indonésie en 2002 ? Timor Oriental
85%
Dans quel pays trouve-t-on les ruines de Babylone aujourd'hui ? Irak
83%
Dans quel pays le pape Jean-Paul II est-il né ? Pologne
83%
Quel pays a organisé et remporté la première Coupe du Monde de la FIFA ? Uruguay
82%
Quel pays a sa capitale au bord de la Mer Caspienne ? Azerbaïdjan
77%
Quel pays a sa capitale sur le fleuve Dniepr ? Ukraine
75%
Dans quel pays le "jour de la Mort à l'Amérique" a-t-il été célébré le 4 novembre 1987 ? Iran
57%
Quel pays se trouve sur la dorsale médio-atlantique ? Islande
57%
Dans quel pays la zumba a-t-elle été inventée ? Colombie
56%
Quel pays a été dirigé par le roi Sobhuza II de 1899 à 1982 ? Eswatini
39%
Aucun quiz correspondant
Distribution des résultats
% des personnes avec chaque résultat
Percentile par nombre de réponses
Votre historique - résultats
Vous n’avez pas pris ce quiz